Catalog

Record Details

Catalog Search



O štěstí a smyslu života : můžeme ovládat své prožitky a ovlivňovat jejich kvalitu?  Cover Image Book Book

O štěstí a smyslu života : můžeme ovládat své prožitky a ovlivňovat jejich kvalitu? / Mihaly Csikszentmihalyi ; [z angličtiny přeložila Eva Hauserová]

Record details

  • ISBN: 80-7106-139-5
  • Physical Description: 399 s. ; 21 cm
  • Publisher: Praha : NLN, Nakladatelství Lidové noviny, 1996

Content descriptions

General Note:
Pozn.
Bibliography, etc. Note:
Bibliogr.
Subject: štěstí > psychologické aspekty
pozitivní myšlení
smysl života > psychologické aspekty
Genre: populárně-naučné publikace

Available copies

  • 1 of 1 copy available at Common Catalog SPOK.

Holds

  • 0 current holds with 1 total copy.
Show Only Available Copies
Location Call Number / Copy Notes Barcode Shelving Location Status Due Date
Jabok Library Psy-4.11/C 424480011243 Odborná literatura Available -

LDR 01524nam a2200409 a 4500
0018345
003CZ-PrJAB
00520220525093535.0
007tu
008960812s1996 xr e 000 0 cze
015 . ‡acnb000147571
020 . ‡a80-7106-139-5 ‡q(brož.) : ‡cKč 119,00
035 . ‡a(CZ PrNK)cpk19960147571
035 . ‡a(OCoLC)37963581
040 . ‡aABA001 ‡bcze
0411 . ‡acze ‡heng
072 7. ‡a17 ‡xEtika. Morální filozofie ‡2Konspekt ‡95
080 . ‡a17 ‡2undef
080 . ‡a159.9 ‡2undef
080 . ‡a316.6 ‡2undef
1001 . ‡aCsíkszentmihályi, Mihály, ‡d1934- ‡7jn20000810134 ‡4aut
24010. ‡aFlow. ‡lČesky
24510. ‡aO štěstí a smyslu života : ‡bmůžeme ovládat své prožitky a ovlivňovat jejich kvalitu? / ‡cMihaly Csikszentmihalyi ; [z angličtiny přeložila Eva Hauserová]
260 . ‡aPraha : ‡bNLN, Nakladatelství Lidové noviny, ‡c1996
300 . ‡a399 s. ; ‡c21 cm
4901 . ‡aPsychologie P ; ‡vsv. 6
500 . ‡aPozn.
504 . ‡aBibliogr.
65007. ‡aštěstí ‡7ph127882 ‡xpsychologické aspekty ‡2czenas
65007. ‡apozitivní myšlení ‡7ph124475 ‡2czenas
65007. ‡asmysl života ‡7ph125718 ‡xpsychologické aspekty ‡2czenas
655 7. ‡apopulárně-naučné publikace ‡7fd131864 ‡2czenas
7001 . ‡aHauserová, Eva, ‡d1954- ‡7jk01040194 ‡4trl
830 0. ‡aPsychologie P
910 . ‡aABG312
901 . ‡a8345 ‡bUnknown ‡c8345 ‡tbiblio

Additional Resources